Introduction to human nutrition / (Record no. 37630)
[ view plain ]
| 000 -LEADER | |
|---|---|
| fixed length control field | 01363nam a2200361 a 4500 |
| 001 - CONTROL NUMBER | |
| control field | 37630 |
| 003 - CONTROL NUMBER IDENTIFIER | |
| rucl marc code | BD-RjUL |
| 005 - DATE AND TIME OF LATEST TRANSACTION | |
| control field | 20211209052629.0 |
| 008 - FIXED-LENGTH DATA ELEMENTS--GENERAL INFORMATION | |
| fixed length control field | 080807s2009 enka b 001 0 eng |
| 020 ## - INTERNATIONAL STANDARD BOOK NUMBER | |
| International Standard Book Number | 9781405168076 (pbk. : alk. paper) |
| International Standard Book Number | 1405168072 (pbk. : alk. paper) |
| 035 ## - SYSTEM CONTROL NUMBER | |
| System control number | (OCoLC)ocn243777631 |
| -- | (BD-RjUL)37734 |
| 040 ## - CATALOGING SOURCE | |
| Original cataloging agency | DNLM/DLC |
| Transcribing agency | DLC |
| Modifying agency | NLM |
| -- | YDXCP |
| -- | BTCTA |
| -- | UKM |
| -- | C#P |
| -- | BWK |
| -- | BWX |
| -- | IG# |
| -- | CDX |
| -- | UBY |
| -- | AUW |
| -- | HEBIS |
| -- | DLC |
| -- | BD-RjUL |
| Language of cataloging | eng |
| 041 ## - LANGUAGE CODE | |
| Language code of text/sound track or separate title | eng |
| 060 00 - NATIONAL LIBRARY OF MEDICINE CALL NUMBER | |
| Classification number | 2009 F-112 |
| Classification number | QU 145 |
| Item number | I623 2009 |
| 082 00 - DEWEY DECIMAL CLASSIFICATION NUMBER | |
| Classification number | 612.3 |
| Edition number | 22 |
| Author mark and year | INT 2009 |
| 245 00 - TITLE STATEMENT | |
| Title | Introduction to human nutrition / |
| Statement of responsibility, etc. | edited on behalf of the Nutrition Society by Michael J. Gibney ... [et al.]. |
| 250 ## - EDITION STATEMENT | |
| Edition statement | 2nd ed. |
| 260 ## - PUBLICATION, DISTRIBUTION, ETC. (IMPRINT) | |
| Place of publication, distribution, etc. | Chichester, West Sussex, U.K. ; |
| -- | Ames, Iowa : |
| -- | [London] : |
| Name of publisher, distributor, etc. | Wiley-Blackwell ; |
| -- | Nutrition Society, |
| Date of publication, distribution, etc. | 2009. |
| 300 ## - PHYSICAL DESCRIPTION | |
| Pagination | viii, 371 p. : |
| Illustrations | ill. ; |
| Size | 25 cm. |
| 490 1# - SERIES STATEMENT | |
| Series statement | The Nutrition Society textbook series |
| 504 ## - BIBLIOGRAPHY, ETC. NOTE | |
| Bibliography, etc | Includes bibliographical references and index. |
| 650 #0 - SUBJECT ADDED ENTRY--TOPICAL TERM | |
| Topical term or geographic name as entry element | Nutrition. |
| 9 (RLIN) | 115705 |
| Topical term or geographic name as entry element | Nutritional Physiological Phenomena. |
| 9 (RLIN) | 115706 |
| Topical term or geographic name as entry element | Food. |
| 9 (RLIN) | 115707 |
| 700 1# - ADDED ENTRY--PERSONAL NAME | |
| Personal name | Gibney, Michael J. |
| 710 2# - ADDED ENTRY--CORPORATE NAME | |
| Corporate name or jurisdiction name as entry element | Nutrition Society (Great Britain) |
| 9 (RLIN) | 115709 |
| 830 #0 - SERIES ADDED ENTRY--UNIFORM TITLE | |
| Uniform title | Human nutrition textbook series. |
| 942 ## - ADDED ENTRY ELEMENTS (KOHA) | |
| Source of classification or shelving scheme | Dewey Decimal Classification |
| Koha item type | Books |
| Lost status | Source of classification or shelving scheme | Damaged status | Not for loan | Collection code | Permanent Location | Current Location | Shelving location | Date acquired | Source of acquisition | Total Checkouts | Full call number | Date last seen | Copy number | Koha item type |
|---|---|---|---|---|---|---|---|---|---|---|---|---|---|---|
| Dewey Decimal Classification | Not For Loan | Non-fiction | Institute of Biological Sciences (IBSc) Library | Institute of Biological Sciences (IBSc) Library | 04/02/205 | HEQEP | 612.3 INT 2009 | 04/02/2015 | C-1 | Books |